Understanding the web: social political and economic dimensions of the internet (Record no. 155498)
[ view plain ]
| 000 -LEADER | |
|---|---|
| fixed length control field | 00611nam a2200181Ia 4500 |
| 008 - FIXED-LENGTH DATA ELEMENTS--GENERAL INFORMATION | |
| fixed length control field | 210423s2003 xx 000 0 und d |
| 020 ## - INTERNATIONAL STANDARD BOOK NUMBER | |
| International Standard Book Number | 8122894797 |
| 041 ## - LANGUAGE CODE | |
| Language code of text/sound track or separate title | eng |
| 082 ## - DEWEY DECIMAL CLASSIFICATION NUMBER | |
| Classification number | 323.4483 ALBA |
| 100 ## - MAIN ENTRY--PERSONAL NAME | |
| Personal name | ALBARRAN (Alan B);GOFF (David H),Ed |
| 245 ## - TITLE STATEMENT | |
| Title | Understanding the web: social political and economic dimensions of the internet |
| 260 ## - PUBLICATION, DISTRIBUTION, ETC. | |
| Place of publication, distribution, etc. | New Delhi |
| Name of publisher, distributor, etc. | Surjeeth Publications |
| Date of publication, distribution, etc. | 2003 |
| 300 ## - PHYSICAL DESCRIPTION | |
| Extent | xvi,289 |
| Other physical details | PB |
| 365 ## - TRADE PRICE | |
| Price amount | 195 |
| Currency code | INR |
| 650 ## - SUBJECT ADDED ENTRY--TOPICAL TERM | |
| Topical term or geographic name entry element | Civil & Political Rights |
| 650 ## - SUBJECT ADDED ENTRY--TOPICAL TERM | |
| Topical term or geographic name entry element | Political Science |
| 906 ## - LOCAL DATA ELEMENT F, LDF (RLIN) | |
| a | dimensions ; economic ; internet ; political ; social ; Understanding ; web: |
| Withdrawn status | Lost status | Damaged status | Not for loan | Collection code | Home library | Current library | Date acquired | Source of acquisition | Cost, normal purchase price | Total Checkouts | Full call number | Barcode | Date last seen | Price effective from | Koha item type |
|---|---|---|---|---|---|---|---|---|---|---|---|---|---|---|---|
| MAJMC | St Aloysius PG Library | St Aloysius PG Library | 07/09/2008 | Higginbothams Pvt Ltd | 195.00 | 323.4483 ALBA | PG001970 | 08/24/2022 | 04/26/2021 | Book |